000
00254nam a2200097Ia 4500
001
1103514
005
20250827003342.0
008
250824s9999 xx 000 0 und d
245
0
_a
OSMANLIDA DERİN DEVLET
_c
YAVUZ BAHADIROĞLU
260
_b
PANAMA YAYINLARI
999
_c
1103514
_d
1103514